000 00334 a2200157 4500
001 45046
020 _a9788560820122
040 _cAnchieta - Aquarius
100 _aProença, Ruy
240 1 0 _aCoisas daqui
_lpor
245 1 0 _aCoisas daqui
300 _a47
362 0 _a2007
650 4 _aLiteratura infanto-juvenil
942 _cBK
999 _c45046
_d45046